Некоторые вопросы китайской грамматики: [сборник]

Chi tiết về thư mục
Tác giả của công ty: Академия наук СССР (АН СССР) Институт востоковедения (ИВ)
Tác giả khác: Ошанин И. М. (редактор)
Ngôn ngữ:Tiếng Nga
Được phát hành: Москва, Изд-во АН СССР, 1957
Những chủ đề:
Định dạng: MixedMaterials Sách
KOHA link:https://koha.lib.tpu.ru/cgi-bin/koha/opac-detail.pl?biblionumber=348630

MARC

LEADER 00000nam0a2200000 4500
001 348630
005 20231102010127.0
035 |a (RuTPU)RU\TPU\retro\367 
090 |a 348630 
100 |a 20180302d1957 m y0rusy50 ca 
101 0 |a rus 
102 |a RU 
105 |a a z 001zy 
200 1 |a Некоторые вопросы китайской грамматики  |e [сборник]  |f Академия наук СССР (АН СССР), Институт востоковедения (ИВ) ; отв. ред. И. М. Ошанин 
210 |a Москва  |c Изд-во АН СССР  |d 1957 
215 |a 120 с.  |c ил. 
320 |a Библиогр. в примеч. 
606 1 |a Китайский язык  |2 stltpush  |3 (RuTPU)RU\TPU\subj\14450  |9 40833 
610 1 |a грамматика 
610 1 |a простые предложения 
610 1 |a подлежащее 
610 1 |a послелоги 
610 1 |a интонация 
686 |a Ш171.11  |v LBC/SL-A  |2 rubbk 
702 1 |a Ошанин  |b И. М.  |4 340 
712 0 2 |a Академия наук СССР (АН СССР)  |b Институт востоковедения (ИВ)  |c (Москва)  |2 stltpush  |3 (RuTPU)RU\TPU\col\11263 
801 1 |a RU  |b 63413507  |c 20180302 
801 2 |a RU  |b 63413507  |c 20180510  |g RCR 
942 |c BK